000 01084nam a2200229Ia 4500
003 OSt
005 20241104140449.0
007 ca aa aaaaa
008 201103s9999 xx 000 0 und d
040 _cSSBUL
041 _abur
082 _223
_a၂၉၄.၃၄၄၃၅ တင်
_b၉၂၉၂ S-SAT
100 0 _aတင်ဟန်ကျော်၊ တက္ကသိုလ်-
_917379
245 1 0 _aဗုဒ္ဓါနုဿတိကြီးကိုးကြီးအဓိဋ္ဌာန်ကျင့်စဉ်နှင့်ကိုယ်တွေ့ဖြစ်ရပ်များ /
_cတက္ကသိုလ်တင်ဟန်ကျော်
250 _aစတုတ္ထအကြိမ်။
260 _aရန်ကုန် ၊
_bအသိုင်းအဝိုင်းစာပေ၊
_c၁၉၉၈။
300 _aဆ၊ ၁၀၇ စာမျက်နှာ ၊
_c၁၈ စင်တီ။
500 _aS-SAT: Dr. Sai Aung Tun
650 _aဗုဒ္ဓါနုဿတိ
_955141
650 _aဝိပဿနာ
942 _2ddc
_cBK1
999 _c16782
_d16782